000 01158nam a22002657a 4500
999 _c5815
_d5815
003 AR-CdUCM
008 190313b ||||| |||| 00| 0 spa d
040 _aMUNICIPALIDAD PROVINCIAL DEL CUSCO
_cBIBLIOTECA MUNICIPAL DEL CUSCO
082 _a986.20 /
_bG85
100 _aReig Satorres, José
_917229
245 _aActas del Cabildo de Guayaquil :
_b1634-1639 /
260 _aGuayaquil :
_bCorporación de Estudios y Publicaciones, Sección de Investigaciones Histórico Jurídicas,
_c1970.
300 _a557 páginas ;
_bilustraciones, facsíms., mapas ;
_c28 cm.
440 _aAnuario histórico jurídico ecuatoriano ;
_n1
_917230
500 _aDirector de la serie José Reig Satorres.
505 _aContenido: Comentario a las Actas del Cabildo de Guayaquil -- Actas del Cabildo de Guayaquil 1634-1639...
650 _aEcuador
_910121
650 _aHistoria
_9136
650 _aAudiencia de Quito
_917231
650 _aDocumentos
_97186
700 _aReig Satorres, José
_917229
710 _aCorporación de estudios y Publicaciones (Guayaquil).
_tSección de Investigaciones Histórico Jurídicas.
_917232
942 _2ddc
_cLIBROS
945 _aLiseth